000 00443nam a2200181Ia 4500
001 23745
003 GE_BSU
008 181216s||||||||xx |||||||||||||| ||und||
040 _cGE_BSU
245 _aLe Point №2409. 1novembre 2018.
260 _aparis
260 _c2018г
300 _a98p;ill;27cm;
653 _aLe Point №2409. 1novembre 2018.
653 _aПериодика
653 _aპერიოდიკა
942 _cCR
999 _c56624
_d56624